The platonic political art : a study of critical reason and democracy /

Bibliographic Details
Main Author: Wallach, John R.
Format: Book
Language:English
Published: University Park : Pennsylvania State University Press, [2001]
Subjects:

MARC

Tag First Indicator Second Indicator Subfields
LEADER 00000cam a22000004a 4500
001 in00001690713
005 20151024132534.0
008 000414s2001 pau b 001 0 eng
010 |a  00031376  
020 |a 027102075X 
020 |a 0271020768 (pbk. : alk. paper) 
035 |a (OCoLC)ocm43913184 
040 |a DLC  |c DLC  |d TXA  |d UtOrBLW 
042 |a pcc 
049 |a TXAM 
050 0 0 |a JC75.D36  |b W35 2001 
082 0 0 |a 320/.01  |2 21 
100 1 |a Wallach, John R. 
245 1 4 |a The platonic political art :  |b a study of critical reason and democracy /  |c John R. Wallach. 
264 1 |a University Park :  |b Pennsylvania State University Press,  |c [2001] 
264 4 |c ©2001 
300 |a xi, 468 pages ;  |c 24 cm. 
336 |a text  |b txt  |2 rdacontent 
337 |a unmediated  |b n  |2 rdamedia 
338 |a volume  |b nc  |2 rdacarrier 
504 |a Includes bibliographical references (pages [433]-457) and index. 
600 0 0 |a Plato  |x Contributions in political science. 
600 0 0 |a Plato  |x Views on democracy. 
650 0 |a Democracy. 
650 0 |a Reason. 
948 |a cataloged  |b h  |c 2002/7/23  |d c  |e dmitchel  |f 1:44:48 pm 
994 |a E0  |b TXA 
999 |a MARS 
999 f f |s 227c5230-96d2-31a3-b633-b86c638b8c6d  |i d5a29c3d-ac1c-3448-af1e-59b9280404de  |t 0 
952 f f |p ric  |a Texas A&M University  |b Rellis Campus  |c Joint Library Facility  |d Remote Storage  |t 0  |e JC75.D36 W35 2001  |h Library of Congress classification  |i unmediated -- volume  |m A14829236227 
998 f f |a JC75.D36 W35 2001  |t 0  |l Remote Storage